|
|
|
|
| LEADER |
00000nab a2200000 a 4500 |
| 001 |
vtls000371906 |
| 003 |
SK-MaSNL |
| 005 |
20260303212906.0 |
| 008 |
230120c1989 xo 0 slo |
| 015 |
|
|
|a SNBRB19rr/mm-uuuuu
|
| 035 |
|
|
|a CL0372028
|
| 035 |
|
|
|a urn:nbn:sk:snk-ab2t80
|
| 035 |
|
|
|a (urnnbn)urn:nbn:sk:snk:ar-a02wlq
|
| 035 |
|
|
|a (uuid)9cd76b25-ee03-458c-8e7b-06a40e7a19c2
|
| 040 |
|
|
|a SNKBUCL
|b slo
|c SNKBUCL
|e AACR2
|
| 041 |
0 |
|
|a slo
|
| 044 |
|
|
|a xo
|c SK
|
| 080 |
|
|
|a 159.955:378.18
|2 1981
|
| 080 |
|
|
|a 378.18
|2 1981
|
| 100 |
1 |
|
|a Kordačová, Jana
|4 aut
|9 10000
|
| 245 |
1 |
0 |
|a Iracionálne prvky v myslení vysokoškolákov a neurotizmus
|c Jana Kordačová
|
| 300 |
|
|
|b Tb. 6. Res. rus., angl., lit. 17 zázn. v slov., češ., angl.
|
| 650 |
0 |
7 |
|a vysokoškolskí študenti
|2 snkbucl
|9 3981
|
| 650 |
0 |
7 |
|a myslenie iracionálne
|2 snkbucl
|9 1246136
|
| 650 |
0 |
7 |
|a neuroticizmus
|2 snkbucl
|9 28453
|
| 655 |
|
7 |
|a články z novín a časopisov
|2 snkbucl
|9 267496
|
| 773 |
0 |
|
|t Psychológia a patopsychológia dieťaťa
|g Roč. 24, č. 6 (1989), s. 503-517
|
| 850 |
|
|
|a Slovenská národná knižnica v Martine
|a MTA001
|
| 852 |
|
|
|a SNK
|b KIS3GCP
|
| 954 |
|
|
|a odborná, vedecká literatúra pôvodná (slovenská)
|2 lita
|
| 958 |
|
|
|a NB
|
| 958 |
|
|
|a RK
|
| 958 |
|
|
|a OND
|
| 958 |
|
|
|a EUIPO
|
| 958 |
|
|
|a article2022
|
| 992 |
|
|
|a RBX
|
| 999 |
|
|
|c 2209570
|d 2211500
|